| 000 | 00690cam a2200241 a 4500 | ||
|---|---|---|---|
| 001 | 15263 | ||
| 003 | BD-RjUL | ||
| 005 | 20211208235800.0 | ||
| 008 | 140209s1964 xnaa 000 0 eng d | ||
| 035 | _a(BD-RjUL)15317 | ||
| 035 | _a823179 | ||
| 040 |
_aXNTU _beng _cXNTU _dABN:SN |
||
| 041 | _aeng | ||
| 082 | 0 | 4 |
_a650 _bHAM 1964 |
| 100 | 1 |
_aHarborne, Thomas. _947451 |
|
| 245 | 1 | 0 |
_aModern business principles for secondary schools / _cby T. Harborne. _nPart 1 |
| 260 |
_aSydney : _bShakespeare Head Press, _c1964. |
||
| 300 |
_a147p. : _bill. ; _c22 cm. |
||
| 504 | _aIncludes indexes. | ||
| 650 | 0 |
_aBusiness education. _947452 |
|
| 650 | 0 |
_aOffice practice. _947453 |
|
| 942 |
_2ddc _cBK |
||
| 999 |
_c15263 _d15263 |
||